000 00715cam a2200205 i 4500
005 20251127095328.0
008 250721s1998 jo gr 000 0 ara d
082 1 4 _a211.81
_bف ا ر
100 1 _aأبو فارس، محمد عبد القادر
_eمؤلف.
245 1 0 _aشغب اليهود على الأنبياء /
_cالدكتور محمد عبد القادر أبو فارس.
250 _aالطبعة الأولى.
264 3 1 _aعمان :
_bدار الفرقان،
_c1998.
300 _a163 صفحة.
650 1 7 _aالقرآن الكريم.
650 1 7 _aقصص الأنبياء.
650 1 7 _aالتاريخ.
650 1 7 _aاليهود.
942 _2ddc
_cBK
999 _c48635
_d48635